<?xml version="1.0" encoding="UTF-8"?>
<record
    xmlns:xsi="http://www.w3.org/2001/XMLSchema-instance"
    xsi:schemaLocation="http://www.loc.gov/MARC21/slim http://www.loc.gov/standards/marcxml/schema/MARC21slim.xsd"
    xmlns="http://www.loc.gov/MARC21/slim">

  <leader>02511nam a2200361 a 4500</leader>
  <controlfield tag="003">CHAP</controlfield>
  <controlfield tag="005">20230314181021.0</controlfield>
  <controlfield tag="007">ta</controlfield>
  <controlfield tag="008">230308s2017    sp do||f |||| 001 0 spa d</controlfield>
  <datafield tag="020" ind1=" " ind2=" ">
    <subfield code="a">978-84-16898-12-1</subfield>
  </datafield>
  <datafield tag="040" ind1=" " ind2=" ">
    <subfield code="a">mxchpua</subfield>
    <subfield code="c">CHAP</subfield>
    <subfield code="e">rda</subfield>
  </datafield>
  <datafield tag="050" ind1="1" ind2="0">
    <subfield code="a">LB2324 </subfield>
    <subfield code="b">.M38 2017</subfield>
  </datafield>
  <datafield tag="082" ind1="0" ind2="0">
    <subfield code="2">20</subfield>
    <subfield code="a">378.17</subfield>
    <subfield code="b">M39 2017</subfield>
  </datafield>
  <datafield tag="100" ind1="1" ind2=" ">
    <subfield code="9">186343</subfield>
    <subfield code="a">Mayor, Iv&#xE1;n</subfield>
    <subfield code="e">autor </subfield>
  </datafield>
  <datafield tag="245" ind1="1" ind2="0">
    <subfield code="a">Gesti&#xF3;n del talento en la universidad : </subfield>
    <subfield code="b">de la clase magistral al desarrollo estrat&#xE9;gico de las competencias / </subfield>
    <subfield code="c">Iv&#xE1;n Mayor </subfield>
  </datafield>
  <datafield tag="250" ind1=" " ind2=" ">
    <subfield code="a">1a edici&#xF3;n </subfield>
  </datafield>
  <datafield tag="264" ind1=" " ind2=" ">
    <subfield code="a">Espa&#xF1;a : </subfield>
    <subfield code="b">Dextra,</subfield>
    <subfield code="c">2017</subfield>
  </datafield>
  <datafield tag="300" ind1=" " ind2=" ">
    <subfield code="a">253 p&#xE1;ginas : </subfield>
    <subfield code="b">ilustraciones, gr&#xE1;ficas, diagramas, tablas, fotos</subfield>
  </datafield>
  <datafield tag="336" ind1=" " ind2=" ">
    <subfield code="2">rdacontent</subfield>
    <subfield code="a">texto</subfield>
    <subfield code="b">txt</subfield>
  </datafield>
  <datafield tag="337" ind1=" " ind2=" ">
    <subfield code="2">rdamedia</subfield>
    <subfield code="a">sin medio</subfield>
    <subfield code="b">n</subfield>
  </datafield>
  <datafield tag="338" ind1=" " ind2=" ">
    <subfield code="2">rdacarrier</subfield>
    <subfield code="a">volumen</subfield>
    <subfield code="b">nc</subfield>
  </datafield>
  <datafield tag="504" ind1=" " ind2=" ">
    <subfield code="a">Bibliograf&#xED;a : p. 243-253</subfield>
  </datafield>
  <datafield tag="520" ind1=" " ind2=" ">
    <subfield code="a">A pesar de los grandes avances de la tecnolog&#xED;a, de la innovaci&#xF3;n docente, del desarrollo de competencias y de todos los esfuerzos de sistematizaci&#xF3;n realizados en el &#xE1;rea de la gesti&#xF3;n del talento, no se cuenta a&#xFA;n con un marco te&#xF3;rico suficientemente desarrollado para mejorar el potencial del estudiante universitario. La gesti&#xF3;n del talento en la universidad no es un asunto de profesores dedicados a la innovaci&#xF3;n docente, o de la gesti&#xF3;n de extraordinarias partidas presupuestarias, sino de seres humanos interesados en optimizar sus pr&#xE1;cticas profesionales y dar un valor a&#xF1;adido al rol del docente. Un rol en el que la clase se transforma en un desarrollo estrat&#xE9;gico de las competencias profesionales. De esta manera, el docente contribuye a que el alumno identifique, desarrolle y finalmente aplique su talento en el lugar en el que le toque desarrollar su carrera profesional para conseguir una sociedad mejor. Es aqu&#xED; donde cobra fuerza e importancia el aporte que presenta este libro, que aborda una metodolog&#xED;a docente centrada en desarrollar todo el potencial del estudiante universitario. En sus p&#xE1;ginas se aborda la metodolog&#xED;a mediante explicaciones te&#xF3;ricas que facilitan la comprensi&#xF3;n y ejercicios pr&#xE1;cticos para que el pedagogo pueda aplicarlos en sus clases.</subfield>
  </datafield>
  <datafield tag="650" ind1="1" ind2="3">
    <subfield code="9">35599</subfield>
    <subfield code="a">Educaci&#xF3;n superior</subfield>
  </datafield>
  <datafield tag="650" ind1="1" ind2="3">
    <subfield code="9">116595</subfield>
    <subfield code="a">Universidades</subfield>
  </datafield>
  <datafield tag="650" ind1="1" ind2="3">
    <subfield code="9">157821</subfield>
    <subfield code="a">Investigaci&#xF3;n educativa  </subfield>
  </datafield>
  <datafield tag="650" ind1="1" ind2="3">
    <subfield code="9">161446</subfield>
    <subfield code="a">Programas educacionales</subfield>
  </datafield>
  <datafield tag="650" ind1="1" ind2="3">
    <subfield code="9">157820</subfield>
    <subfield code="a">Higher education  </subfield>
  </datafield>
  <datafield tag="650" ind1="1" ind2="3">
    <subfield code="9">150084</subfield>
    <subfield code="a">Universities</subfield>
  </datafield>
  <datafield tag="650" ind1="1" ind2="3">
    <subfield code="9">157819</subfield>
    <subfield code="a">Educational research</subfield>
  </datafield>
  <datafield tag="650" ind1="1" ind2="3">
    <subfield code="9">161443</subfield>
    <subfield code="a">Education programs</subfield>
  </datafield>
  <datafield tag="942" ind1=" " ind2=" ">
    <subfield code="2">ddc</subfield>
    <subfield code="c">Libro</subfield>
  </datafield>
  <datafield tag="999" ind1=" " ind2=" ">
    <subfield code="c">218511</subfield>
    <subfield code="d">218511</subfield>
  </datafield>
  <datafield tag="952" ind1=" " ind2=" ">
    <subfield code="0">0</subfield>
    <subfield code="1">0</subfield>
    <subfield code="2">ddc</subfield>
    <subfield code="4">0</subfield>
    <subfield code="5">1</subfield>
    <subfield code="7">0</subfield>
    <subfield code="8">GRAL</subfield>
    <subfield code="a">IA_</subfield>
    <subfield code="b">IA_</subfield>
    <subfield code="d">2023-03-08</subfield>
    <subfield code="e">Compra Gamma Cultural F. A-151</subfield>
    <subfield code="i">Consumo</subfield>
    <subfield code="l">0</subfield>
    <subfield code="o">378.17 M39 2017</subfield>
    <subfield code="p">1102014406</subfield>
    <subfield code="r">2023-03-08 00:00:00</subfield>
    <subfield code="t">Ej. 1</subfield>
    <subfield code="w">2023-03-08</subfield>
    <subfield code="y">LIBRO</subfield>
  </datafield>
</record>
